SIA87 and the quantity surveyor : management of professional risk /
محفوظ في:
| المؤلف الرئيسي: | |
|---|---|
| التنسيق: | أطروحة كتاب |
| اللغة: | English |
| منشور في: |
1989.
|
| الموضوعات: | |
| الوسوم: |
إضافة وسم
لا توجد وسوم, كن أول من يضع وسما على هذه التسجيلة!
|
| LEADER | 00970cam a2200265 a 4500 | ||
|---|---|---|---|
| 001 | u94408 | ||
| 003 | SIRSI | ||
| 008 | 910626s1989 si v 00 1 eng m | ||
| 035 | |a AAK-3136 | ||
| 040 | |a UMM | ||
| 043 | |a a-si--- | ||
| 090 | |a TH437 |b Gun | ||
| 100 | 1 | 0 | |a Gunner, John Charles. |
| 245 | 1 | 0 | |a SIA87 and the quantity surveyor : |b management of professional risk / |c by John Charles Gunner. |
| 260 | 1 | |c 1989. | |
| 300 | |a vii, 57, xx leaves ; |c 30 cm. | ||
| 502 | |a Dissertation (M.Sc.) -- National University of Singapore, 1989. | ||
| 504 | |a Bibliography: leaves 56-57. | ||
| 610 | 2 | 0 | |a Singapore Institute of Architects. |t Articles and Conditions of building contract (Measurement contract). 3rd ed. |
| 650 | 0 | |a Building |x Estimates |z Singapore. | |
| 650 | 0 | |a Construction contracts |z Singapore. | |
| 650 | 0 | |a Risk management. | |
| 948 | |a 13/08/1991 |b 29/10/2002 | ||
| 596 | |a 1 | ||
| 999 | |a TH437 GUN |w LC |c 1 |i A010706506 |d 22/7/1999 |l STACKS |m P01UTAMA |n 3 |r Y |s Y |t TESIS |u 30/1/1992 | ||
